| 000 | 00428 a2200157 4500 | ||
|---|---|---|---|
| 005 | 20250626172253.0 | ||
| 020 | _a978-0-471-78276-6 | ||
| 082 | _a338.4'791 BAR | ||
| 100 | _aBARROWS, W. C. | ||
| 245 | _aIntroduction To The Hospitality Industry, | ||
| 250 | _a7th Ed. | ||
| 260 |
_aNew York, _bJohn Wiley & Sons, INC. _c2009. |
||
| 300 |
_axix.; 539p.; picture, table _bIndex, _c23cm. |
||
| 700 | _aPOWERS, T. | ||
| 942 |
_2ddc _cBKS |
||
| 999 |
_c5466 _d5466 |
||